000 00311pab a2200121 454500
008 180718b xxu||||| |||| 00| 0 eng d
100 _aSinha S.K.
245 _aIndia's bane
362 _a26 Sep 1994, p.13; 27 Sep 1994, p.13,18
650 _aBackward Classes -- India
773 _aHindustan Times
909 _a27129
999 _c27129
_d27129